Moderní pedagogika

Gespeichert in:
Bibliographische Detailangaben
1. Verfasser: Průcha, Jan
Format: Buch
Sprache:Tschechisch
Veröffentlicht: Praha Portál 2002
Ausgabe:2., preprac. a aktualiz. vyd.
Schlagworte:
Tags: Tag hinzufügen
Keine Tags, Fügen Sie das erste Tag hinzu!

MARC

LEADER 00000nam a2200000 4500
001 c141552
005 20221124094654.1
020 |a 80-7178-631-4 
041 0 |a cze 
044 |a CZ 
245 1 0 |a Moderní pedagogika  |c Jan Průcha 
250 |a 2., preprac. a aktualiz. vyd. 
264 1 |a Praha  |b Portál  |c 2002 
300 |a 481 s. 
610 2 0 |a pedagogika 
610 2 0 |a výchova 
610 2 0 |a učitelia 
610 2 0 |a školy 
610 2 0 |a školstvo 
610 2 0 |a výskum 
100 1 |a Průcha, Jan